000 00697nam a2200181Ia 4500
008 100920s9999 xx 000 0 und d
082 _b61121
_a61 थ 58
100 _aशुक्ल ना.गो.
245 _aलाख मोलाची जमीन.
260 _bमुंबई सरकारच्या प्रसिध्दी खात्याकडून प्रकाशित.
_c1958
300 _a32
_bसाधी
365 _b0.25
520 _aस्थानिक वाचन.
630 _aलाख मोलाची जमीन.
650 _aस्थानिक वाचन.
730 _aलाख मोलाची जमीन.
942 _cBOOK
999 _c704358
_d704355